Laporan PPM R025/2025 : Investigation Of Dissolution Process On Rare Earth Oxalate (REOx), SIK, Kedah Via Chloride-Based Medium , Disember 2025 / (Record no. 27183)

000 -LEADER
fixed length control field 01093nam a22002297a 4500
001 - CONTROL NUMBER
control field 0000000883
003 - CONTROL NUMBER IDENTIFIER
control field PPM
005 - DATE AND TIME OF LATEST TRANSACTION
control field 20260401111410.0
008 - FIXED-LENGTH DATA ELEMENTS--GENERAL INFORMATION
fixed length control field 260401b ||||| |||| 00| 0 eng d
035 ## - SYSTEM CONTROL NUMBER
System control number 0000000883
040 ## - CATALOGING SOURCE
Original cataloging agency PPM
Language of cataloging Eng
Transcribing agency Pusat Penyelidikan Mineral, Jabatan Mineral Dan Geosains Malaysia
Modifying agency PPM
Description conventions RDA
100 1# - MAIN ENTRY--PERSONAL NAME
Personal name Dr. Tinesha a/p Selvaraj
Relator term author
245 10 - TITLE STATEMENT
Title Laporan PPM R025/2025 : Investigation Of Dissolution Process On Rare Earth Oxalate (REOx), SIK, Kedah Via Chloride-Based Medium , Disember 2025 /
Statement of responsibility, etc. by Dr. Tinesha a/p Selvaraj, Mohd Syahrir b. Mohd Rozi, Roshaida bt Arbain, ChM. Anuar b. Othman, Ts. Costantine Joannes
260 ## - PUBLICATION, DISTRIBUTION, ETC.
Place of publication, distribution, etc. Perak :
Name of publisher, distributor, etc. Pusat Penyelidikan Mineral, Jabatan Mineral Dan Geosains Malaysia
Date of publication, distribution, etc. 2025
300 00 - PHYSICAL DESCRIPTION
Extent viii, 11 pages .:
Other physical details some colour, illustrations .;
Dimensions 29 cm
504 ## - BIBLIOGRAPHY, ETC. NOTE
Bibliography, etc. note Includes bibliographical references
700 1# - ADDED ENTRY--PERSONAL NAME
Personal name Mohd Syahrir b. Mohd Rozi
Relator term joint author
700 1# - ADDED ENTRY--PERSONAL NAME
Personal name Roshaida bt Arbain
Relator term joint author
700 1# - ADDED ENTRY--PERSONAL NAME
Personal name ChM. Anuar b. Othman
Relator term joint author
700 1# - ADDED ENTRY--PERSONAL NAME
Personal name Ts. Costantine Joannes
Relator term joint author
942 ## - ADDED ENTRY ELEMENTS (KOHA)
Source of classification or shelving scheme
Koha item type Reports
Holdings
Withdrawn status Lost status Source of classification or shelving scheme Damaged status Not for loan Collection code Permanent Location Current Location Shelving location Date acquired Total Checkouts Date last seen Price effective from Koha item type
Available         Report PPM PPM Report 01/04/2026   01/04/2026 01/04/2026 Reports